Statistics for Guess Largest Producers Countries #Agriculture

Click here to take the quiz!

General Stats

  • This quiz has been taken 74 times
  • The average score is 14 of 27

Answer Stats

HintAnswer% Correct
RICECHINA
92%
MAIZEUS
90%
WHEATCHINA
86%
SUGARCANEBRAZIL
76%
TEACHINA
65%
COFFEEBRAZIL
62%
AVOCADOMEXICO
62%
ONIONCHINA
60%
POTATOCHINA
60%
BANANAINDIA
57%
STRAWBERRYUS
57%
ORANGESBRAZIL
54%
COW MILKUS
52%
WATERMELONCHINA
48%
DATEEGYPT
44%
WOOLCHINA
40%
TABACCOCHINA
40%
MILKINDIA
40%
PULSESINDIA
40%
BUFFALO MILKINDIA
38%
ALMONDUS
38%
POMEGRANATEINDIA
35%
SHEEP MILKCHINA
32%
JUTEINDIA
32%
COCOAIVORY COAST
27%
RUBBERTHAILAND
27%
CAMEL MILKSOMALIA
11%

Score Distribution

Percentile by Number Answered

Percent of People with Each Score

Your Score History

You have not taken this quiz